RICS certification in valuation (Record no. 70485)

MARC details
000 -LEADER
fixed length control field 01068cam a2200193 4500
001 - CONTROL NUMBER
control field WB3821-24
008 - FIXED-LENGTH DATA ELEMENTS--GENERAL INFORMATION
fixed length control field 020613n2002 000 0 eng u
035 ## - SYSTEM CONTROL NUMBER
System control number (Sirsi) u118412
245 ## - TITLE STATEMENT
Title RICS certification in valuation
260 ## - PUBLICATION, DISTRIBUTION, ETC.
Date of publication, distribution, etc. 2002
490 ## - SERIES STATEMENT
Series statement RICS News Service
Volume/sequential designation 11 June 2002, (1)
520 ## - SUMMARY, ETC.
Summary, etc. RICS has made progress in its bid to become an accredited certification body for valuation practice. Certification of valuers is an issue of growing importance and RICS's move follows calls for a pan-European system of quality assurance for valuers.The RICS scheme will be voluntary for members. UK Accreditation Service (UKAS) has approved RICS's application in principle provided that a pilot group of members is put through the certification process. http://www.rics.org/ricscms/bin/show?class=News&template=/includes/shownews.html&id=2748
590 ## - LOCAL NOTE (RLIN)
Local note WB
650 ## - SUBJECT ADDED ENTRY--TOPICAL TERM
Topical term or geographic name entry element Valuation
9 (RLIN) 6273
650 ## - SUBJECT ADDED ENTRY--TOPICAL TERM
Topical term or geographic name entry element CERTIFICATION
650 ## - SUBJECT ADDED ENTRY--TOPICAL TERM
Topical term or geographic name entry element EUROPE
690 ## - LOCAL SUBJECT ADDED ENTRY--TOPICAL TERM (OCLC, RLIN)
Topical term or geographic name as entry element PROPERTY-PROPERTY APPRAISAL AND VALUATION
942 ## - ADDED ENTRY ELEMENTS (KOHA)
Suppress in OPAC 0
Holdings
Withdrawn status Lost status Source of classification or shelving scheme Damaged status Not for loan Home library Current library Shelving location Date acquired Total Checkouts Full call number Barcode Date last seen Copy number Price effective from Koha item type
    Dewey Decimal Classification     London London News article 13/06/2002   WB3821-24 118412-1001 06/08/2019 1 06/08/2019 News article